All Bones of the Human Leg - Statistics

General Stats
  • This quiz has been taken 9 times
  • The average score is 4 of 8
Answer Stats
Answer % Correct
Tibia
100%
Femur
78%
Fibula
78%
Patella
67%
Phalanges
44%
Metatarsal bones
33%
Tarsal bones
33%
Hip bone
0%
No matching quizzes found
Score Distribution
Percent of People with Each Score
Percentile by Number Answered
Your Score History
You have not taken this quiz